000 02887cam a2200349 i 4500
001 768714001
003 CO-MdFUSB
005 20220615115915.0
007 ta
008 990826t19991999miua b 001 0 eng
020 _a0802846866
040 _aDLC
_beng
_erda
_dLVB
_dBAKER
_dNLGGC
_dBTCTA
_dYDXCP
_dITC
_dHEBIS
_dEXW
_dBDX
_dIG#
_dOCLCF
_dUKMGB
_dOCLCQ
_dOCL
_dOCLCQ
_dOCLCO
_dDEBBG
_dOCLCO
_dOCL
_dOCLCQ
_dOCLCO
_dDHA
_dBUB
_dOCLCA
_dCAP
_cCO-MdFUSB
041 _aeng
082 _223
_a230.044092
_bSH562
100 1 _aShults, F. LeRon,
_eautor.
245 1 4 _aThe Postfoundationalist task of theology :
_bWolfhart Pannenberg and the new theological rationality /
_cF. LeRon Shults.
264 1 _aGrand Rapids, Mich. :
_bW.B. Eerdmans,
_c[1999]
264 4 _c©1999.
300 _a270 páginas :
_bilustraciones ;
_c23 cm.
336 _atexto
_btxt
_2rdacontent.
337 _aotro
_bn
_2rdamedia.
338 _avolumen
_bnc
_2rdacarrier.
504 _aIncluye referencias bibliográficas (páginas 254-267) e índice.
505 _aPrólogo / Wolfhart Pannenberg -- Abreviaturas de obras / Wolfhart Pannenberg -- Respondiendo a la teología sistemática de Pannenberg -- ¿Fundamentos antropológicos o teológicos? -- El modelo posfundacionalista emergente de racionalidad teológica -- El problema "fundacional" en teología -- Fundacionalismo versus no fundacionalismo -- La búsqueda de un "camino medio" -- Las cuatro coplas del posfundacionalismo -- Experiencia y creencia -- Verdad y conocimiento -- Individuo y Comunidad -- Explicación y Comprensión -- Racionalidad: Vinculando Epistemología y Hermenéutica -- Método Teológico de Pannenberg -- La búsqueda del "Grundprinzip" de Pannenberg -- Los sospechosos habituales: la razón, la historia, la prolepsis -- Sub ratione Dei: El "verdadero infinito" y la Trinidad -- Pannenberg y las coplas posfundacionalistas -- Experiencia y creencia -- Verdad y conocimiento -- - Individuo y comunidad -- Explicación y comprensión -- Antropología: vinculando filosofía e historia -- La reciprocidad de la teología "fundamental" y la "sistemática" -- El condicionamiento mutuo de "desde abajo" y "desde arriba" -- Estudio diacrónico de El uso de la antropología de Pannenberg -- Presentación sincrónica de la antropología teológica de Pannenberg -- Naturaleza humana:Identidad personal y espíritu -- Dignidad humana: exocentricidad e Imago Dei -- Miseria humana: centralidad y pecado --Pannenberg y la tarea posfundacionalista de la teología -- Las contribuciones de Pannenberg al posfundacionalismo -- Una crítica posfundacionalista de Pannenberg -- Implicaciones para la tarea constructiva de la teología.
563 _aRústico
600 1 0 _aPannenberg, Wolfhart,
_d1928-2014.
650 7 _aTeología doctrinal
_9179
650 0 _aProtestantismo
_9947
942 _cBK
945 _aJTF-925
999 _c67635
_d67635